Color Changes and Chemical Reactivity in Seventeenth-Century Oil Paintings

Salvato in:
Dettagli Bibliografici
Autore principale: Loon, Annelies van
Natura: Libro
Lingua:inglese
Pubblicazione: Amsterdam FOM Institute for Atomic and Molecular Physics 2008
Soggetti:
Accesso online:Visualizza in OPAC
Tags: Aggiungi Tag
Nessun Tag, puoi essere il primo ad aggiungerne!!

MARC

LEADER 00000nam a2200000 a 4500
005 20260127133949.0
008 081216 2008 ne 000 0 eng d
020 |a 9789077209172 
035 |a vtls009455544 
039 9 |y 200812160740  |z mschk03 
040 |a STUSCHK1  |b slo  |c STUSCHK1  |e AACR2 
100 1 |a Loon, Annelies van 
245 1 |a Color Changes and Chemical Reactivity in Seventeenth-Century Oil Paintings  |c Annelies van Loon 
260 |a Amsterdam  |b FOM Institute for Atomic and Molecular Physics  |c 2008 
300 |a 261 p.  |b ill.  |c 24 cm 
650 0 |a color changes 
650 0 |a chemical reactivity 
910 |a SCHK95 
919 |a 978-90-77209-17-2 
999 |c 1026  |d 1026